Mathematics of investment / (Record no. 17758)
[ view plain ]
| 000 -LEADER | |
|---|---|
| fixed length control field | 00660nam a22002537a 4500 |
| 003 - CONTROL NUMBER IDENTIFIER | |
| control field | OSt |
| 005 - DATE AND TIME OF LATEST TRANSACTION | |
| control field | 20140310182943.0 |
| 008 - FIXED-LENGTH DATA ELEMENTS--GENERAL INFORMATION | |
| fixed length control field | 130204t xxu||||| |||| 00| 0 eng d |
| 020 ## - INTERNATIONAL STANDARD BOOK NUMBER | |
| International Standard Book Number | 9789710445653 |
| 050 ## - LIBRARY OF CONGRESS CALL NUMBER | |
| Classification number | HF 5691 |
| Item number | .Si538 2010 |
| 100 ## - MAIN ENTRY--PERSONAL NAME | |
| Personal name | Sirug, Winston S. |
| 245 ## - TITLE STATEMENT | |
| Title | Mathematics of investment / |
| Statement of responsibility, etc | Winston S. Sirug. |
| 260 ## - PUBLICATION, DISTRIBUTION, ETC. (IMPRINT) | |
| Place of publication, distribution, etc | Intramuros, Manila : |
| Name of publisher, distributor, etc | Mindshapers, |
| Date of publication, distribution, etc | 2010. |
| 300 ## - PHYSICAL DESCRIPTION | |
| Extent | 335 p. : |
| Dimensions | 22 cm. |
| 521 ## - TARGET AUDIENCE NOTE | |
| Target audience note | |
| 650 ## - SUBJECT ADDED ENTRY--TOPICAL TERM | |
| Topical term or geographic name as entry element | Mathematics |
| General subdivision | Problems, exercises, etc |
| 650 ## - SUBJECT ADDED ENTRY--TOPICAL TERM | |
| Topical term or geographic name as entry element | Investments |
| 942 ## - ADDED ENTRY ELEMENTS (KOHA) | |
| Source of classification or shelving scheme | Library of Congress Classification |
| Koha item type | Books |
| Call number prefix | Local |
| Withdrawn status | Lost status | Source of classification or shelving scheme | Damaged status | Home library | Current library | Shelving location | Date acquired | Source of acquisition | Cost, normal purchase price | Total Checkouts | Full call number | Barcode | Date last seen | Copy number | Price effective from | Koha item type | Total Renewals | Date checked out |
|---|---|---|---|---|---|---|---|---|---|---|---|---|---|---|---|---|---|---|
| Library of Congress Classification | College Library | College Library | General Circulation Section | 11/29/2011 | 350.00 | HF 5691 .Si538 2010 | C14233 | 05/15/2018 | 1 | 10/18/2013 | Books | |||||||
| Library of Congress Classification | College Library | College Library | General Circulation Section | 12/09/2013 | 1 | HF 5691 .Si538 2010 | C14181 | 02/08/2019 | 2 | 12/09/2013 | Books | 1 | 01/17/2019 | |||||
| Library of Congress Classification | College Library | College Library | General Circulation Section | 12/09/2013 | HF 5691 .Si538 2010 | C14044 | 05/15/2018 | 3 | 12/09/2013 | Books | ||||||||
| Library of Congress Classification | College Library | College Library | General Circulation Section | 12/09/2013 | 1 | HF 5691 .Si538 2010 | C13525 | 05/15/2018 | 4 | 12/09/2013 | Books | 11/10/2015 | ||||||
| Library of Congress Classification | College Library | College Library | General Circulation Section | 12/09/2013 | 1 | HF 5691 .Si538 2010 | C14182 | 05/15/2019 | 5 | 12/09/2013 | Books | 7 | 03/26/2019 |